000 00934nam a2200361 a 4500
003 AR-BaBNM
005 20251128203318.0
008 082120s2002 ||||||||||||||000 | spa||
020 _a84-7100-500-X
040 _cAR-BaBNM
100 1 _aArié, Rachel
245 0 0 _aEl Reino Nasrí de Granada
_b[1232-1492]
250 _a1ª ed.
260 _aMadrid
_bMapfre
_c1992
300 _a304 p.
_bmapas
490 0 _aAl-Andalus
_vv. 9
500 _aContiene cronología p. 287-291
504 _aBibliografía para consultar p. 281-286.
650 4 _aCIENCIAS POLITICAS
650 4 _aSOCIEDAD
650 4 _aECONOMIA
650 4 _aHISTORIA CULTURAL
650 4 _aCULTURA ARABE
650 4 _aARABES
650 4 _aMUSULMANES
650 4 _aISLAM
650 4 _aAGRICULTURA
651 4 _aEspaña
700 1 _aCantero, Jesús
_etraductor
800 1 _aGallego, José Andrés
_edirector
942 _cBK
998 _cmariana
999 _c2844
_d2844